| 000 | 00389cam a22001337a 4500 | ||
|---|---|---|---|
| 008 | 180718b1968 xxu||||| |||| 00| 0 eng d | ||
| 020 | _a435 83730 3 | ||
| 082 | _aB5x42 P969 | ||
| 100 | _aPunnett, R.M. | ||
| 245 |
_aBritish government and politics _cby R.M. Punnett |
||
| 260 |
_aLondon _bHeinemann _c1968 |
||
| 300 | _axii, 488p | ||
| 650 | _aGreat Britain --Politics and government --1945. | ||
| 999 |
_c421891 _d421891 |
||